| 000 | 00540nam a22002177a 4500 | ||
|---|---|---|---|
| 003 | OSt | ||
| 005 | 20140310182911.0 | ||
| 008 | 130128t xxu||||| |||| 00| 0 eng d | ||
| 020 | _a9715740820 | ||
| 050 |
_aGV303 _b.T917 2004 |
||
| 082 |
_aFIL 631.7 _bF96 2004 |
||
| 245 |
_aP.E. 2 _cTulio, Doris |
||
| 260 |
_aMakati City _bKatha Publishing _cc2004-2005 |
||
| 300 |
_av. : ill. _c25 cm. |
||
| 521 | _acollege students | ||
| 526 | _c1210L-1700L | ||
| 541 | _j1 | ||
| 541 | _j2 | ||
| 562 | _e2 | ||
| 942 |
_2lcc _cBK _kFIL |
||
| 999 |
_c17218 _d17218 |
||